000 00886nam a22002897a 4500
001 379
003 FISKH
005 20230704112424.0
008 230330b cb ||||| |||| 00| 0 eng d
020 _a9780590482462
040 _aFISKH
_beng
_cFISKH
_dFISKH
050 _aPZ7.W8608
082 _a813.54
100 _aWoodruff, Elvira
_d1951-
245 _aThe orphan of Ellis Island :
_bA time-travel adventure
_cWoodruff, Elvira
260 _aNew York :
_bScholastic
_c2000.
300 _a174 pages.
_c20 cm.
505 _aM
520 _aDuring a school trip to Ellis Island, Dominick Avaro, a ten-year-old foster child, travels back in time to 1908 Italy and accompanies two young emigrants to America.
521 8 _a810
_bLexile
521 8 _aM
_bRaz-Plus
650 _atimetravel
650 _aorphan
650 _aimmigrant
650 _aItaly
942 _2ddc
_cBK
_n0
999 _c379
_d379